|
|
|
|
| LEADER |
00000nam0a2200000 4500 |
| 001 |
204738 |
| 005 |
20231031190121.0 |
| 010 |
|
|
|a 9785170622511
|
| 035 |
|
|
|a (RuTPU)RU\TPU\book\223177
|
| 090 |
|
|
|a 204738
|
| 100 |
|
|
|a 20111130d2009 m y0rusy50 ca
|
| 101 |
0 |
|
|a rus
|
| 102 |
|
|
|a RU
|
| 105 |
|
|
|a y z 000ay
|
| 200 |
1 |
|
|a Антикиллер - 3. Допрос с пристрастием
|f Д. А. Корецкий
|
| 210 |
|
|
|a Москва
|c АСТ
|d 2009
|
| 215 |
|
|
|a 505 с.
|
| 330 |
|
|
|a Мир Тиходонска мало изменился: воры и бандиты, разборки и перестрелки, продажные чиновники и алчные московские дельцы, поставившие целью скупить весь город и хладнокровно устраняющие всех, кто этому мешает: от мэра до преступного авторитета. На пути захватчиков становится гроза криминала Лис — Коренев. Новые времена еще более жестоки и беспредельны. Но и Лис теперь уже не тот, что прежде. Дело даже не в том, что майор Коренев стал подполковником, начальником основного отдела РУБОПа. Теперь, кроме природного хитроумия и умения плести сложные оперативные комбинации, у него в руках рычаги управления глубоко законспирированной бандой, унаследованной от убитого Колдуна.
|
| 430 |
|
1 |
|0 (RuTPU)RU\TPU\book\1590
|y 5745100435
|t Антикиллер
|o Роман
|f Д. А. Корецкий
|c СПб.
|n ВИС
|d 1995
|p 576 с.
|
| 430 |
|
1 |
|0 (RuTPU)RU\TPU\book\6564
|y 5-04-001057-5
|t Антикиллер 2
|o роман
|f Д. А. Корецкий
|c М.
|n ЭКСМО-Пресс
|d 1998
|p 464 с.
|s Черная кошка
|a Корецкий, Данил Аркадьевич
|
| 610 |
1 |
|
|a русская литература
|
| 610 |
1 |
|
|a боевики
|
| 610 |
1 |
|
|a детективы
|
| 610 |
1 |
|
|a приключения
|
| 675 |
|
|
|a Р2
|v 3
|
| 700 |
|
1 |
|a Корецкий
|b Д. А.
|g Данил Аркадьевич
|
| 801 |
|
1 |
|a RU
|b 63413507
|c 20111130
|
| 801 |
|
2 |
|a RU
|b 63413507
|c 20111207
|g RCR
|
| 942 |
|
|
|c BK
|